Мент: Роман

Dades bibliogràfiques
Autor principal: Константинов А. Андрей
Altres autors: Новиков А. Александр
Sumari:Исключено из фонда НТБ ТПУ
Idioma:rus
Publicat: СПб., Нева, 2000
Col·lecció:Русский проект: РП
Format: Llibre
KOHA link:https://koha.lib.tpu.ru/cgi-bin/koha/opac-detail.pl?biblionumber=22894

MARC

LEADER 00000nam0a2200000 4500
001 22894
005 20231030194935.0
010 |a 5765408583 
035 |a (RuTPU)RU\TPU\book\23108 
035 |a BOOK00000872 
090 |a 22894 
100 |a 20011209d2000 m y0rusy50 ca 
101 0 |a rus 
102 |a RU 
105 |a y z 000ay 
200 1 |a Мент  |e Роман  |f А. Константинов, А. Новиков 
210 |a СПб.  |c Нева  |d 2000 
215 |a 480 с. 
225 1 |a Русский проект: РП 
333 |a Исключено из фонда НТБ ТПУ 
675 |a Р2  |v 3 
700 1 |a Константинов  |b А.  |g Андрей 
701 1 |a Новиков  |b А.  |g Александр 
801 0 |a RU  |b 63413507  |c 20011209  |g PSBO 
801 2 |a RU  |b 63413507  |c 20221121  |g PSBO 
942 |c BK